Umwelt des Urchristentums. 2, Texte zum neutestamentlichen Zeitalter /

Další autoři: Hansen, Günther Christian, 1929-2013
Jazyk: Němčina
Vydáno: Berlin : Evangelische Verlagsanstalt, 1979
Vydání: 5., erg. Aufl.
Fyzický popis: 426 s. ; 1 mapa
Knihy
Uloženo v:
LEADER 00900nam a22002532a 4500
001 001507342
003 CZ BrMZK
005 20160126094816.0
007 ta
008 980105s1979 gw bf f |||||||||||ger d
040 |a BOA001  |b cze 
080 9 |a 281.1 
080 9 |a 933.15 
080 9 |a 937"-01/04" 
245 0 0 |a Umwelt des Urchristentums.  |n 2,  |p Texte zum neutestamentlichen Zeitalter /  |c in Verbindung mit Günther Hansen ; herausgegeben von Johannes Leitpoldt und Walter Grundmann 
246 3 0 |a Texte zum neutestamentlichen Zeitalter 
250 |a 5., erg. Aufl. 
260 |a Berlin :  |b Evangelische Verlagsanstalt,  |c 1979 
300 |a 426 s. ;  |e 1 mapa 
700 1 |a Hansen, Günther Christian,  |d 1929-2013  |7 jcu2010588072  |4 edt 
910 |a BOA001  |b 2-0813.417,2 
990 |a BK 
991 |b 201601 
996 7 |b 2610655165  |c 2-0813.417,2  |l MZK  |r Sklad / do 1 hodiny  |n 0  |p dar  |w 001542384  |u 000010  |a 1  |e BOA001  |j MZK50  |s A